Монгол судлалын гадаад хэлээр гарсан бүтээлийн номзүй (Бичлэгийн дугаар. 43408)

MARC дэлгэрэнгүй
000 -Удирдлага
Ном зүйн бүртгэл тоо буюу кодлох утгыг агуулсан 01271 a2200241 4500
003 - ХЯНАЛТЫН ТОО ТОДОРХОЙЛОГЧ
Код MN-UlNLM
005 - ХАМГИЙН СҮҮЛИЙН ҮЕИЙН ХЭЛЦЛИЙН ОГНОО БА ЦАГ
Тухайн бичилтийг бичсэн засварласан сүүлийн огноо. 20220416120013.0
008 - ЕРӨНХИЙ МЭДЭЭЛЭЛ-ЭЛЕМЕНТҮҮДИЙН ӨГӨГДЛИЙН УРТ
fixed length control field a130t16b 2011 mp ||||| |||| 00| 0 mon d
020 ## - ОЛОН УЛСЫН СТАНДАРТ НОМЫН ДУГААР-ISBN
Олон Улсын Стандарт Номын Дугаар 978-99929-4-839-6
040 ## - ЭХ СУРВАЛЖИЙГ ТОДОРХОЙЛОН БИЧИХ
Анхны каталогийн байгууллага Монгол Улсын Үндэсний номын сан
084 ## - БУСАД АНГИЛЛЫН ДУГААР
Ангиллын нэр Номын сан номзүйн ангилал
Анги 91
Зохиогчийн 3-н тэмдэгт М 692
Шинжлэх ухааны мэдлэгийн салбар Лавлах хэвлэл - 9
110 ## - ДЭЭД ГАРЧГИЙН МЭДЭЭ
Эрхлэн гаргасан байгууллагын нэр Монгол улсын үндэсний номын сан
245 1# - ҮНДСЭН ГАРЧИГ
Гарчиг Монгол судлалын гадаад хэлээр гарсан бүтээлийн номзүй
Оролцогчдын тухай мэдээ Эмхт. Ц.Дуламсүрэн, Б.Гантулга.
-- Ред. ГАким., Ж.Цэзэн
Гарчигт хамааралтай мэдээ 1805-2011.
260 1# - ГАРАЛТЫН ТУХАЙ МЭДЭЭ
Хэвлэгдсэн газар УБ
Хэвлэлийн газар Соёмбопринтинг
Хэвлэгдсэн он 2011
300 ## - ТООНЫ МЭДЭЭ
Хуудасны тоо 292х
490 ## - БОТИЙН/ЦУВРАЛЫН ТУХАЙ МЭДЭЭ
Ботийн/Цувралын дугаар Дэвт.3.
500 ## - НОМЫН ТОВЧ АГУУЛГА
Дэлгэрэнүй тайлбар Монгол судлалын холбогдолтой номзүйн 3 дэвтэр цуврал бүтээлийн 3-р дэвтэр энэхүү номзүйн бүтээл нь нийтийн хэрэгцээнд монголсудлалын талаарх гарын авлага, лавлах материал болж байгаагаараа нэн чухал ач холбогдолтой.
546 ## - ХЭЛНИЙ ТУХАЙ МЭДЭЭ
Хэл
653 ## - ТҮЛХҮҮР ҮГС
Түлхүүр үг Номзүйн гарын авлага
856 ## - ЭЛЕКТРОН БАЙРЛАЛ БА ХОЛБООС
Төрөл Хэвлэмэл ном
942 ## - ЭЛЕМЕНТИЙН ТӨРӨЛ
Төрөл Ном
Захиалгууд
Буцаан татагдсан төлөв Хасагдсан шалтгаан Гэмтсэн төлөв Данс заагч Захиалах боломжгүй Үндсэн номын сан Одоогийн байршил Салбар танхим Сан хөмрөг 5 Бүртгэсэн огноо Тавиурын заалт Баркод Үнэ Хамгийн сүүлд байсан огноо Салбар Нийт уншлаганд гарсан тоо Төрөл Хамгийн сүүлд уншлаганд гарсан огноо
          МУҮНомын сан салбар МУҮНомын сан салбар МУҮНС салбар | Ертөнц танхим 9 давхар МУҮНС салбар | Ертөнц танхим 9 давхар 2021-08-26 9299 003000009299 10000.00 2021-11-30 0000030092   Ном  
          МУҮНомын сан салбар МУҮНомын сан салбар МУҮНС салбар | Ертөнц танхим 9 давхар МУҮНС салбар | Ертөнц танхим 9 давхар 2021-08-26 9298 03009298 10000.00 2022-11-20 0000030092 1 Ном 2017-10-30
          МУҮНомын сан салбар МУҮНомын сан салбар МУҮНС салбар | Ертөнц танхим 9 давхар МУҮНС салбар | Ертөнц танхим 9 давхар 2021-08-26 9296 03009296 10000.00 2021-08-26 0000030092 1 Ном 2017-10-29
          МУҮНомын сан салбар МУҮНомын сан салбар МУҮНС салбар | Ертөнц танхим 9 давхар МУҮНС салбар | Ертөнц танхим 9 давхар 2021-08-26 9297 03009297 10000.00 2021-08-26 0000030092   Ном